000 00312nam a2200121Ia 4500
008 240624s9999 xx 000 0 und d
041 _aeng
082 _a332.1 IIB
100 _aINDIAN INSTITUTE OF BANKING FINANCE
245 _aBANK FINANCIAL MANAGEMENT
260 _c2009
_aNew Delhi
_bTaxmann
365 _cRS
_b25
999 _c13979
_d13979